Jobs Of The Final Fantasy Series Quiz Stats

 Plays Quiz not verified by Sporcle

Challenge
Share
Tweet
Embed
Score 0/213 Timer 15:00
0 Plays Today
Game Job % Correct
Final Fantasy IIIBlack Mage
99.1%
Final Fantasy VBlack Mage
99.1%
Final Fantasy X-2Black Mage
99.1%
Final Fantasy XIBlack Mage
99.1%
Final Fantasy TacticsBlack Mage
99.1%
Final Fantasy Tactics AdvanceBlack Mage
99.1%
Final Fantasy Tactics A2Black Mage
99.1%
Final Fantasy IIIWhite Mage
98.4%
Final Fantasy VWhite Mage
98.4%
Final Fantasy X-2White Mage
98.4%
Final Fantasy XIWhite Mage
98.4%
Final Fantasy TacticsWhite Mage
98.4%
Final Fantasy Tactics AdvanceWhite Mage
98.4%
Final Fantasy Tactics A2White Mage
98.4%
Final Fantasy IIIWarrior
97.2%
Final Fantasy X-2Warrior
97.2%
Final Fantasy XIWarrior
97.2%
Final Fantasy IIIThief
96.6%
Final Fantasy VThief
96.6%
Final Fantasy X-2Thief
96.6%
Final Fantasy XIThief
96.6%
Final Fantasy TacticsThief
96.6%
Final Fantasy Tactics AdvanceThief
96.6%
Final Fantasy Tactics A2Thief
96.6%
Final Fantasy VRed Mage
96%
Final Fantasy XIRed Mage
96%
Final Fantasy Tactics AdvanceRed Mage
96%
Final Fantasy Tactics A2Red Mage
96%
Final Fantasy IIIRed Mage
95.9%
Final Fantasy IIINinja
94.6%
Final Fantasy VNinja
94.6%
Final Fantasy X-2Songstress
94.6%
Final Fantasy XINinja
94.6%
Final Fantasy TacticsNinja
94.6%
Final Fantasy Tactics AdvanceNinja
94.6%
Final Fantasy Tactics A2Ninja
94.6%
Final Fantasy Tactics AdvanceWhite Monk
94.2%
Final Fantasy Tactics A2White Monk
94.2%
Final Fantasy Tactics AdvanceFighter
94%
Final Fantasy Tactics AdvanceWarrior
94%
Final Fantasy Tactics A2Fighter
94%
Final Fantasy Tactics A2Warrior
94%
Final Fantasy IIIDragoon
93.9%
Final Fantasy XIDragoon
93.9%
Final Fantasy TacticsDragoon
93.9%
Final Fantasy Tactics AdvanceDragoon
93.9%
Final Fantasy Tactics A2Dragoon
93.9%
Final Fantasy VDragoon
93.7%
Final Fantasy IIISummoner
93.6%
Final Fantasy VSummoner
93.6%
Final Fantasy XISummoner
93.6%
Final Fantasy TacticsSummoner
93.6%
Final Fantasy Tactics AdvanceSummoner
93.6%
Final Fantasy Tactics A2Summoner
93.6%
Final Fantasy IIIMonk
93.5%
Final Fantasy VMonk
93.5%
Final Fantasy XIMonk
93.5%
Final Fantasy TacticsMonk
93.5%
Final Fantasy VBlue Mage
93.3%
Final Fantasy X-2Gun Mage
93.3%
Final Fantasy XIBlue Mage
93.3%
Final Fantasy Tactics AdvanceBlue Mage
93.3%
Final Fantasy Tactics A2Blue Mage
93.3%
Final Fantasy Tactics AdvanceMoogle Knight
92.7%
Final Fantasy Tactics A2Moogle Knight
92.7%
Final Fantasy IIIRanger
92%
Final Fantasy VRanger
92%
Final Fantasy XIRanger
92%
Final Fantasy TacticsArcher
92%
Final Fantasy IIIKnight
91.2%
Final Fantasy VKnight
91.2%
Game Job % Correct
Final Fantasy TacticsKnight
91.2%
Final Fantasy IIIBard
90.7%
Final Fantasy VBard
90.7%
Final Fantasy TacticsBard
90.7%
Final Fantasy Tactics A2Bard
90.7%
Final Fantasy VSamurai
89.4%
Final Fantasy X-2Samurai
89.4%
Final Fantasy XISamurai
89.4%
Final Fantasy TacticsSamurai
89.4%
Final Fantasy TacticsSquire
89.2%
Final Fantasy IIIDark Knight
87%
Final Fantasy X-2Dark Knight
87%
Final Fantasy XIDark Knight
87%
Final Fantasy TacticsDark Knight
87%
Final Fantasy Tactics A2Parivir
86.8%
Final Fantasy VBeastmaster
86%
Final Fantasy X-2Trainer
86%
Final Fantasy XIBeastmaster
86%
Final Fantasy TacticsOrator
86%
Final Fantasy Tactics AdvanceBeastmaster
86%
Final Fantasy Tactics A2Beastmaster
86%
Final Fantasy VChemist
85.8%
Final Fantasy X-2Alchemist
85.8%
Final Fantasy XIPaladin
85.8%
Final Fantasy TacticsChemist
85.8%
Final Fantasy TacticsHoly Knight
85.8%
Final Fantasy Tactics AdvancePaladin
85.8%
Final Fantasy Tactics AdvanceAlchemist
85.8%
Final Fantasy Tactics A2Paladin
85.8%
Final Fantasy Tactics A2Alchemist
85.8%
Final Fantasy VDancer
85.4%
Final Fantasy XIDancer
85.4%
Final Fantasy TacticsDancer
85.4%
Final Fantasy Tactics A2Dancer
85.4%
Final Fantasy IIIGeomancer
84.6%
Final Fantasy VGeomancer
84.6%
Final Fantasy TacticsGeomancer
84.6%
Final Fantasy Tactics A2Geomancer
84.6%
Final Fantasy VTime Mage
83%
Final Fantasy TacticsTime Mage
83%
Final Fantasy Tactics AdvanceTime Mage
83%
Final Fantasy Tactics A2Time Mage
83%
Final Fantasy XIBard
82.1%
Final Fantasy VBerserker
80%
Final Fantasy X-2Berserker
80%
Final Fantasy Tactics A2Berserker
80%
Final Fantasy Tactics AdvanceHunter
79.4%
Final Fantasy Tactics A2Hunter
79.4%
Final Fantasy Tactics A2Ranger
79.4%
Final Fantasy IIIFreelancer
78.6%
Final Fantasy VFreelancer
78.6%
Final Fantasy Tactics AdvanceArcher
77.4%
Final Fantasy Tactics A2Archer
77.4%
Final Fantasy X-2Gunner
76.7%
Final Fantasy Tactics AdvanceGunner
76.7%
Final Fantasy Tactics A2Fusilier
76.7%
Final Fantasy VMime
73.2%
Final Fantasy TacticsMime
73.2%
Final Fantasy IIISage
72.7%
Final Fantasy Tactics AdvanceSage
72.7%
Final Fantasy Tactics A2Sage
72.7%
Final Fantasy TacticsMystic
68.8%
Final Fantasy IIIBlack Belt
68.5%
Final Fantasy Tactics A2Master Monk
68.5%
Final Fantasy VMystic Knight
67.5%
Final Fantasy TacticsMachinist
66.4%
Final Fantasy Tactics AdvanceGadgeteer
66.4%
Final Fantasy Tactics A2Tinker
66.4%
Final Fantasy TacticsOnion Knight
65.5%
Final Fantasy IIIViking
63.5%
Final Fantasy Tactics A2Viking
63.5%
Game Job % Correct
Final Fantasy X-2Lady Luck
62.3%
Final Fantasy IIIScholar
61.9%
Final Fantasy XIScholar
61.9%
Final Fantasy Tactics A2Scholar
61.9%
Final Fantasy IIIMagus
60.7%
Final Fantasy IIIDevout
60.1%
Final Fantasy VGladiator
59.6%
Final Fantasy Tactics AdvanceGladiator
59.6%
Final Fantasy Tactics A2Gladiator
59.6%
Final Fantasy Tactics A2Spellblade
58.9%
Final Fantasy VCannoneer
58.5%
Final Fantasy TacticsCleric
58.5%
Final Fantasy Tactics AdvanceBishop
58.5%
Final Fantasy Tactics A2Bishop
58.5%
Final Fantasy Tactics A2Cannoneer
58.5%
Final Fantasy VNecromancer
58.4%
Final Fantasy VOracle
55%
Final Fantasy Tactics A2Green Mage
55%
Final Fantasy IIIEvoker
54%
Final Fantasy TacticsSoldier
50.5%
Final Fantasy Tactics AdvanceSoldier
50.5%
Final Fantasy Tactics A2Soldier
50.5%
Final Fantasy X-2Mascot
50%
Final Fantasy Tactics AdvanceAssassin
49.9%
Final Fantasy Tactics A2Assassin
49.9%
Final Fantasy XICorsair
48.6%
Final Fantasy Tactics AdvanceFencer
44.3%
Final Fantasy Tactics A2Fencer
44.3%
Final Fantasy TacticsArithmetician
44.2%
Final Fantasy Tactics AdvanceSniper
42%
Final Fantasy Tactics A2Sniper
42%
Final Fantasy TacticsTemplar
39%
Final Fantasy Tactics AdvanceTemplar
39%
Final Fantasy Tactics A2Templar
39%
Final Fantasy Tactics AdvanceElementalist
38%
Final Fantasy Tactics A2Elementalist
38%
Final Fantasy Tactics A2Chocobo Knight
37.6%
Final Fantasy Tactics AdvanceIllusionist
35.7%
Final Fantasy Tactics A2Illusionist
35.7%
Final Fantasy Tactics AdvanceJuggler
34.4%
Final Fantasy Tactics A2Juggler
34.4%
Final Fantasy TacticsSky Pirate
34.2%
Final Fantasy Tactics A2Sky Pirate
34.2%
Final Fantasy X-2Psychic
31.9%
Final Fantasy Tactics AdvanceDefender
31%
Final Fantasy Tactics AdvanceAnimist
31%
Final Fantasy Tactics A2Defender
31%
Final Fantasy Tactics A2Animist
31%
Final Fantasy Tactics A2Seer
29.8%
Final Fantasy TacticsNetherseer
28.4%
Final Fantasy TacticsSkyseer
28.1%
Final Fantasy Tactics A2Ravager
28.1%
Final Fantasy XIPuppetmaster
27.6%
Final Fantasy Tactics AdvanceMorpher
27.4%
Final Fantasy TacticsDragonkin
26.9%
Final Fantasy Tactics A2Arcanist
26.9%
Final Fantasy X-2Festival-Goer
26.3%
Final Fantasy TacticsPrincess
25.8%
Final Fantasy Tactics AdvanceJudgemaster
24%
Final Fantasy TacticsSword Saint
23.9%
Final Fantasy Tactics A2Trickster
22.8%
Final Fantasy TacticsDivine Knight
22.6%
Final Fantasy TacticsAstrologer
22.1%
Final Fantasy Tactics A2Agent
21.9%
Final Fantasy Tactics A2Lanista
20.3%
Final Fantasy TacticsGame Hunter
19%
Final Fantasy Tactics A2Flintlock
18.9%
Final Fantasy Tactics AdvanceRuneseeker
18.6%
Final Fantasy Tactics AdvanceHermetic
18.3%
Final Fantasy Tactics A2Raptor
17.8%
Final Fantasy Tactics A2Heritor
16.7%

You're not logged in!

Compare scores with friends on all Sporcle quizzes.
Join for Free
OR
Log In

You Might Also Like...

Show Comments

Extras

Top Quizzes Today


Score Distribution

Your Account Isn't Verified!

In order to create a playlist on Sporcle, you need to verify the email address you used during registration. Go to your Sporcle Settings to finish the process.

Report this User

Report this user for behavior that violates our Community Guidelines.

Details: